Normal view
MARC view
Entry Nome pessoal
001 - NÚMERO DE CONTROLE
- campo de controle: 1666
003 - IDENTIFICADOR DO NÚMERO DE CONTROLE
- campo de controle: OSt
005 - DATA E HORÁRIO DA ÚLTIMA TRANSAÇÃO
- campo de controle: 20251201102412.0
008 - CAMPO DE DADOS FIXOS
- campo de controle de tamanho fixo: 251201|| aca||aabn | a|a d
040 ## - FONTE DA CATALOGAÇÃO
- Instituição da catalogação original: OSt
100 ## - CABEÇALHO--NOME PESSOAL
- Nome pessoal: Del Sole, Orietta,
- Datas associadas ao nome: 1922-1995
400 ## - REMISSIVA VER--NOME PESSOAL
- Nome pessoal: Sole, Orietta Del,
- Datas associadas ao nome: 1922-1995
400 ## - REMISSIVA VER--NOME PESSOAL
- Nome pessoal: Orietta Del Sole,
- Datas associadas ao nome: 1922-1995
670 ## - FONTE POSITIVA DOS DADOS
- Citação da fonte positiva dos dados: Autor de: Nunca treze... 1997.
- Dados encontrados na fonte localizada no subcampo: (orelha : nasceu na Itália, viveu no Brasil)
675 ## - FONTE NEGATIVA DOS DADOS
- Citação da fonte positiva dos dados: LC on-line 01/07/98.